00834nam a2200205Ia 4500008004100000040001400041082002100055100004400076245006400120260005200184300001800236365002600254366000800280505001900288530003000307620013600337630006400473650002700537730006400564100315s9999 xx 000 0 und d cENGLISH  b7480 a301.44  a"Miller, Delbert C., Form, William H. " aIndustrial Sociology : The Sociology of Work Organizations. aNew York bHapper Interntional Edition  c0  a"XXII,873  " eRupees d1 b0.00  f0  gJaya Nikhade  bDonated by RBI Library   a"The Universal Impact of Industrializtion, The Structure and function of Work Organizations, The Individual in the World of Work " aIndustrial Sociology : The Sociology of Work Organizations. aIndustrial Sociology  aIndustrial Sociology : The Sociology of Work Organizations.